Atypická dekubitálna fibroplázia /ischemická fascitída/ - nová pseudosarkómová jednotka

Bibliographic Details
Main Authors: Patriková, J. (Author), Michal, M. (Author), Zámečník, Michal, 1959- (Author)
Format: Article
Language:Slovak

MARC

LEADER 00000nab a2200000uu 4500
001 vtls011136820
003 SK-MaSNL
005 20260303130806.0
008 230218|1994 xo |||||||||||||||||slo|
015 |a SNBRB 
035 |a (urnnbn)urn:nbn:sk:snk:ar-007sbb 
035 |a (uuid)d4d71f59-d789-4735-a198-4049f98e7d38 
035 |a urn:nbn:sk:snk-abapl1 
040 |a SNKBUCL  |b slo  |c SNKBUCL  |e AACR2 
041 0 |a slo 
044 |a xo  |c SK 
100 1 |a Patriková, J.  |4 aut  |9 1146744 
245 1 0 |a Atypická dekubitálna fibroplázia /ischemická fascitída/ - nová pseudosarkómová jednotka  |c J. Patriková, M. Michal, M. Zámečník 
700 1 |a Michal, M.  |4 aut  |9 855840 
700 1 |a Zámečník, Michal,  |d 1959-  |4 aut  |9 22863 
773 0 |t Česko-slovenská patologie a Soudní lékařství : časopis Společnosti patologů a společnosti soudního lékařství  |g Roč. 30/39, č. 4 (1994), s. 130-132 
954 |a odborná, vedecká literatúra pôvodná (slovenská)  |2 lita 
958 |a OND 
958 |a EUIPO 
958 |a article14 
999 |c 1942003  |d 1943933